Statistiche per Riconosci la Squadra di calcio - Quiz n°45

Clicka qui per fare il quiz!

Statistiche generali

  • Questo quiz è stato fatto 26 volte
  • Il punteggio medio è 6 su 10

Statistiche sulle risposte

IndizioRisposta% Corretto
Colori socialiBlu, bianco
93%
Divisione nazionale 2023-2024Seconda
80%
Titoli nazionali2 Segunda Division
73%
Trofei nazionali4 Coppe del Re
67%
SimboliParrocchetto ondulato
67%
ConfederazioneUEFA
67%
Fondazione1900
60%
Trofei internazionali0
47%
Capienza Stadio40 500 posti
47%
SquadraEspanyol
13%

Distribuzione punteggi

Percentile per numero di risposta

Percentuale di utenti per punteggio

I tuoi punteggi nel tempo

Non hai fatto questo quiz